[Event "POL-chT 2nd League"]
[Site "Jastrzebia Gora"]
[Date "2022.09.10"]
[Round "8.73"]
[White "Pulik, Krzysztof"]
[Black "Zarnowski, Krzysztof"]
[Result "1/2-1/2"]
[WhiteElo "2046"]
[BlackElo "2050"]
[PlyCount "39"]
[EventDate "2022.09.03"]
[EventType "team-swiss"]
[EventRounds "9"]
[EventCountry "POL"]
[SourceTitle "CBM 210 Extra"]
[Source "ChessBase"]
[SourceDate "2022.11.30"]
[SourceVersion "1"]
[SourceVersionDate "2022.11.30"]
[SourceQuality "1"]
[WhiteTeam "Rzeszow Szachownica"]
[BlackTeam "Krakow AGH"]
[WhiteTeamCountry "POL"]
[BlackTeamCountry "POL"]

1. e4 c6 2. d4 d5 3. exd5 cxd5 4. c4 Nf6 5. Nc3 g6 6. Qb3 Bg7 7. cxd5 0-0 8. Be2 Nbd7 9. Bf3 Nb6 10. Nge2 Bg4 11. Bxg4 Nxg4 12. a4 Nf6 13. Nf4 a5 14. 0-0 Qd6 15. Re1 Rfd8 16. Bd2 Nbxd5 17. Nfxd5 Nxd5 18. Nxd5 Qxd5 19. Qxd5 Rxd5 20. Rxe7 1/2-1/2

[Event "POL-chT 2nd League"]
[Site "Jastrzebia Gora"]
[Date "2022.09.07"]
[Round "5.44"]
[White "Pulik, Krzysztof"]
[Black "Dobrowolski, Piotr"]
[Result "1/2-1/2"]
[WhiteElo "2046"]
[BlackElo "2424"]
[PlyCount "78"]
[EventDate "2022.09.03"]
[EventType "team-swiss"]
[EventRounds "9"]
[EventCountry "POL"]
[SourceTitle "CBM 210 Extra"]
[Source "ChessBase"]
[SourceDate "2022.11.30"]
[SourceVersion "1"]
[SourceVersionDate "2022.11.30"]
[SourceQuality "1"]
[WhiteTeam "Rzeszow Szachownica"]
[BlackTeam "Wroclaw Polonia"]
[WhiteTeamCountry "POL"]
[BlackTeamCountry "POL"]

1. e4 c5 2. c3 d5 3. exd5 Nf6 4. d4 Nxd5 5. dxc5 e6 6. c4 Nb4 7. a3 Qxd1+ 8. Kxd1 N4c6 9. Be3 Nd7 10. Nc3 Bxc5 11. b4 Bxe3 12. fxe3 a5 13. b5 Nce5 14. Na4 b6 15. Nf3 Ng4 16. Ke2 Bb7 17. Rg1 Rc8 18. Rc1 Nc5 19. Nxc5 Rxc5 20. h3 Ne5 21. Kf2 Ke7 22. Be2 Bxf3 23. gxf3 g6 24. f4 Nd7 25. Rcd1 Rhc8 26. Rd2 Nf6 27. Kf3 Rd8 28. Rxd8 Kxd8 29. Rd1+ Ke7 30. e4 e5 31. Ke3 exf4+ 32. Kxf4 g5+ 33. Ke3 Re5 34. Rd4 h6 35. Bg4 h5 36. Bf5 Rc5 37. Kd3 Re5 38. Ke3 Rc5 39. Kd3 Re5 1/2-1/2

[Event "POL-chT 2nd League"]
[Site "Jastrzebia Gora"]
[Date "2022.09.04"]
[Round "2.74"]
[White "Zerebiec, Maurycy"]
[Black "Pulik, Krzysztof"]
[Result "1/2-1/2"]
[WhiteElo "1885"]
[BlackElo "2046"]
[PlyCount "161"]
[EventDate "2022.09.03"]
[EventType "team-swiss"]
[EventRounds "9"]
[EventCountry "POL"]
[SourceTitle "CBM 210 Extra"]
[Source "ChessBase"]
[SourceDate "2022.11.30"]
[SourceVersion "1"]
[SourceVersionDate "2022.11.30"]
[SourceQuality "1"]
[WhiteTeam "Olesnica Pogon"]
[BlackTeam "Rzeszow Szachownica"]
[WhiteTeamCountry "POL"]
[BlackTeamCountry "POL"]

1. c4 e6 2. Nc3 d5 3. d4 Nf6 4. cxd5 exd5 5. Bg5 Be7 6. Qc2 0-0 7. e3 b6 8. Nf3 Bb7 9. Bd3 Nbd7 10. 0-0 h6 11. Bh4 Nh5 12. Bxe7 Qxe7 13. Ne2 c6 14. a4 a5 15. Bf5 Nhf6 16. Nf4 Rfe8 17. Rfc1 g6 18. Bxd7 Nxd7 19. Nd3 Qd6 20. Ra3 Rac8 21. Rc3 Rc7 22. Nfe5 Nxe5 23. Nxe5 c5 24. f4 c4 25. b3 cxb3 26. Qxb3 Rxc3 27. Rxc3 Rc8 28. Kf2 Kg7 29. g4 f6 30. Nf3 Rxc3 31. Qxc3 Qc6 32. Qa3 Kf7 33. g5 hxg5 34. fxg5 Bc8 35. gxf6 Qxf6 36. Kg3 Kg7 37. h4 Bf5 38. Qc1 Qd6+ 39. Ne5 Kf8 40. Qf1 Kg7 41. Qa6 Qc7 42. Qa8 Qc1 43. Nf3 Qxe3 44. Qxd5 Be4 45. Qe5+ Kg8 46. Qe8+ Kg7 47. Qe7+ Kg8 48. Qf6 Kh7 49. Qf7+ Kh6 50. d5 Bxf3 51. Qxf3 Qg1+ 52. Kf4 Qd4+ 53. Qe4 Qf6+ 54. Kg4 Kg7 55. Qd3 Qd6 56. Qd4+ Kf7 57. Qf4+ Ke7 58. Qe4+ Kf7 59. Qf3+ Kg7 60. Qc3+ Kf7 61. Qf3+ Kg7 62. Qe4 Kf7 63. Kf3 Qa3+ 64. Kf4 Qd6+ 65. Qe5 Qd7 66. Qd4 Qd6+ 67. Ke4 Qe7+ 68. Kf3 Qd6 69. Ke2 Qh2+ 70. Kd3 Qd6 71. Qf2+ Ke7 72. Ke4 Ke8 73. Qe3 Kd7 74. Qd4 Qe7+ 75. Kf3 Qd6 76. Qg7+ Ke8 77. Qg8+ Ke7 78. Kg4 Qf6 79. Qa8 Qf5+ 80. Kg3 Qe5+ 81. Kf3 1/2-1/2

[Event "POL-chT 2nd League"]
[Site "Jastrzebia Gora"]
[Date "2019.09.12"]
[Round "6.1"]
[White "Mika, Tomasz1111"]
[Black "Pulik, Krzysztof"]
[Result "1-0"]
[WhiteElo "2136"]
[BlackElo "2131"]
[PlyCount "95"]
[EventDate "2019.09.07"]
[EventType "team-swiss"]
[EventRounds "9"]
[EventCountry "POL"]
[SourceTitle "EXT 2020"]
[Source "ChessBase"]
[SourceDate "2019.10.17"]
[SourceVersion "1"]
[SourceVersionDate "2019.10.17"]
[SourceQuality "1"]
[WhiteTeam "Czarna LKSz"]
[BlackTeam "Stara Wies Parnas"]
[WhiteTeamCountry "POL"]
[BlackTeamCountry "POL"]

1. e4 e6 2. d4 d5 3. Bd3 Nf6 4. e5 Nfd7 5. Ne2 c5 6. c3 Nc6 7. Nd2 cxd4 8. cxd4 f6 9. exf6 Nxf6 10. Nf3 Bd6 11. 0-0 Qc7 12. Bg5 0-0 13. Rc1 Bd7 14. Ng3 Rae8 15. Bb5 Qb6 16. Bxc6 Bxc6 17. Rc2 Ba4 18. b3 Bb5 19. Re1 Bb4 20. Bd2 Bd6 21. Bc3 Bf4 22. Ne5 Rc8 23. Bb4 Rfe8 24. Bc5 Qc7 25. a4 Ba6 26. Rc3 b6 27. Bb4 Qb7 28. Rxc8 Rxc8 29. Qf3 Bg5 30. Nh5 Nxh5 31. Qxh5 Bf6 32. Qg4 Re8 33. h4 Qc7 34. Re3 Bxe5 35. Rxe5 Qc1+ 36. Kh2 Qh6 37. Bd6 Bd3 38. Rg5 g6 39. Qf4 Qg7 40. Rg3 Ba6 41. h5 Qf7 42. Qh6 Qg7 43. Qg5 Be2 44. hxg6 hxg6 45. Be5 Qh7+ 46. Rh3 Bh5 47. g4 Qf7 48. f4 1-0

[Event "POL-chT 2nd League"]
[Site "Szklarska Poreba"]
[Date "2017.09.09"]
[Round "8.3"]
[White "Wolynski, Krzysztof"]
[Black "Pulik, Krzysztof"]
[Result "1-0"]
[WhiteElo "2118"]
[BlackElo "2134"]
[PlyCount "207"]
[EventDate "2017.09.02"]
[EventType "team-swiss"]
[EventRounds "9"]
[EventCountry "POL"]
[SourceTitle "CBM 180 Extra"]
[Source "ChessBase"]
[SourceDate "2017.10.06"]
[SourceVersion "1"]
[SourceVersionDate "2017.10.06"]
[SourceQuality "1"]
[WhiteTeam "Rybnik"]
[BlackTeam "Stara Wies Parnas"]
[WhiteTeamCountry "POL"]
[BlackTeamCountry "POL"]

1. d4 d5 2. c4 e6 3. Nc3 c5 4. Nf3 Nc6 5. Bf4 cxd4 6. Nxd4 Bb4 7. cxd5 Qxd5 8. Nxc6 Bxc3+ 9. bxc3 Qxc6 10. Qb3 Ne7 11. f3 0-0 12. e4 Ng6 13. Be3 e5 14. Bb5 Qf6 15. 0-0 Be6 16. Qb2 Rfc8 17. Rac1 Nf4 18. Rfd1 Qe7 19. g3 Ng6 20. Qe2 a6 21. Bd3 Nf8 22. Rc2 Nd7 23. Qf1 Qa3 24. Bc1 Qa4 25. Bd2 b5 26. Rdc1 Nb6 27. Be3 Nc4 28. Bxc4 Rxc4 29. Qd3 Qa3 30. Qe2 Rac8 31. Bd2 h6 32. Be1 Qc5+ 33. Qf2 Qc6 34. a3 f5 35. exf5 Bxf5 36. Re2 e4 37. f4 Qd6 38. Ra1 Qe6 39. Re3 Rd8 40. Kg2 Bg4 41. Kg1 Qd7 42. Qf1 Bf3 43. a4 Rxa4 44. Rxa4 bxa4 45. Qxa6 Qd1 46. Qe6+ Kh8 47. Qa2 Qb3 48. Qf2 Rd1 49. c4 Qxc4 50. f5 Qd4 51. Kf1 Qa1 52. Qc2 Qd4 53. Qc8+ Kh7 54. Qc6 Qd7 55. Qxd7 Rxd7 56. Ra3 Bd1 57. Kf2 Bb3 58. Ke3 Rd1 59. Bb4 Rc1 60. h4 Rc4 61. Bd6 Kg8 62. Be5 Kf7 63. Bd4 Rb4 64. Bc3 Rb5 65. Kf4 e3 66. Kxe3 Rxf5 67. Bb4 Rf1 68. Bd6 Ke6 69. Bb4 g6 70. Bc3 Rg1 71. Kf2 Rc1 72. Bg7 h5 73. Ra1 Rc7 74. Bd4 Kd5 75. Bh8 Ke4 76. Re1+ Kd3 77. Ra1 Rf7+ 78. Ke1 Kc2 79. Bd4 Rd7 80. Bc5 Kb2 81. Ra3 Rd5 82. Bf8 Rf5 83. Bd6 Rf3 84. Kd2 Rf1 85. Bb4 Rd1+ 86. Ke2 Rd4 87. Bc5 Rc4 88. Bd6 Rc6 89. Bb4 Rc2+ 90. Ke3 Rc1 91. Ke2 Rg1 92. Bd6 Rd1 93. Rxb3+ axb3 94. Kxd1 Ka2 95. Be5 b2 96. Bxb2 Kxb2 97. Kd2 Kb3 98. Kd3 Kb2 99. Kd4 Kc2 100. Ke5 Kd3 101. Kf6 Ke4 102. Kxg6 Kf3 103. Kxh5 Kxg3 104. Kg5 1-0

[Event "POL-chT 2nd League"]
[Site "Jastrzebia Gora"]
[Date "2016.09.04"]
[Round "2.19"]
[White "Pulik, Krzysztof"]
[Black "Sopur, Lech"]
[Result "0-1"]
[WhiteElo "2171"]
[BlackElo "2404"]
[PlyCount "42"]
[EventDate "2016.09.03"]
[EventType "team-swiss"]
[EventRounds "9"]
[EventCountry "POL"]
[SourceTitle "EXT 2017"]
[Source "ChessBase"]
[SourceDate "2016.10.25"]
[SourceVersion "1"]
[SourceVersionDate "2016.10.25"]
[SourceQuality "1"]
[WhiteTeam "Stara Wies Parnas"]
[BlackTeam "Lodz Okucia Budowlane"]
[WhiteTeamCountry "POL"]
[BlackTeamCountry "POL"]

1. e4 c6 2. d4 d5 3. exd5 cxd5 4. c4 Nf6 5. Nc3 g6 6. Nf3 Bg7 7. Be2 0-0 8. 0-0 Nc6 9. Re1 Bg4 10. c5 e6 11. h3 Bxf3 12. Bxf3 b6 13. Qa4 Rc8 14. Bf4 Nd7 15. Bd6 Nxd4 16. Bxf8 Nxf3+ 17. gxf3 Kxf8 18. cxb6 axb6 19. Qb4+ Kg8 20. Rac1 Ne5 21. Re3 d4 0-1

[Event "POL-chT 2nd League"]
[Site "Jastrzebia Gora"]
[Date "2015.09.13"]
[Round "9.26"]
[White "Pulik, Krzysztof"]
[Black "Sopur, Lech"]
[Result "1-0"]
[WhiteElo "2137"]
[BlackElo "2419"]
[PlyCount "83"]
[EventDate "2015.09.05"]
[EventType "team-swiss"]
[EventRounds "9"]
[EventCountry "POL"]
[SourceTitle "EXT 2017"]
[Source "ChessBase"]
[SourceDate "2016.10.25"]
[SourceVersion "1"]
[SourceVersionDate "2016.10.25"]
[SourceQuality "1"]
[WhiteTeam "Stara Wies Parnas"]
[BlackTeam "Lodz Okucia Budowlane"]
[WhiteTeamCountry "POL"]
[BlackTeamCountry "POL"]

1. e4 g6 2. d4 Bg7 3. c3 d5 4. Nd2 c6 5. Bd3 Nh6 6. Ngf3 0-0 7. 0-0 f6 8. Re1 Nf7 9. h3 e5 10. dxe5 fxe5 11. b3 Nd7 12. Ba3 Re8 13. Nf1 Nf8 14. Qc2 Qa5 15. Bb2 Be6 16. Ne3 Rad8 17. Nd2 Rd7 18. Rad1 Qd8 19. f3 d4 20. cxd4 exd4 21. Nef1 Qh4 22. Nh2 g5 23. Ndf1 Ng6 24. Qf2 Qf4 25. Ng3 Be5 26. Nhf1 Nh4 27. Nh5 Nxf3+ 28. gxf3 Qh4 29. Qxh4 gxh4 30. f4 Bh8 31. f5 Ne5 32. fxe6 Rxe6 33. Nh2 Rh6 34. Nf4 Rg7+ 35. Kh1 Rg3 36. Rg1 Kf8 37. Ng4 Nxg4 38. hxg4 c5 39. g5 Rd6 40. Rxg3 hxg3 41. Kg2 Be5 42. Kxg3 1-0

[Event "POL-chT 2nd League"]
[Site "Jastrzebia Gora"]
[Date "2015.09.08"]
[Round "4.85"]
[White "Snihur, Piotr"]
[Black "Pulik, Krzysztof"]
[Result "1-0"]
[WhiteElo "2246"]
[BlackElo "2137"]
[PlyCount "115"]
[EventDate "2015.09.05"]
[EventType "team-swiss"]
[EventRounds "9"]
[EventCountry "POL"]
[SourceTitle "EXT 2017"]
[Source "ChessBase"]
[SourceDate "2016.10.25"]
[SourceVersion "1"]
[SourceVersionDate "2016.10.25"]
[SourceQuality "1"]
[WhiteTeam "Konin UKS Smecz"]
[BlackTeam "Stara Wies Parnas"]
[WhiteTeamCountry "POL"]
[BlackTeamCountry "POL"]

1. e4 e6 2. d4 d5 3. e5 c5 4. c3 Qb6 5. Nf3 Nc6 6. a3 Nh6 7. b4 cxb4 8. cxb4 Nf5 9. Bb2 Bd7 10. g4 Nfe7 11. Nc3 Ng6 12. Qd2 Be7 13. h4 Qd8 14. h5 Nh4 15. Rxh4 Bxh4 16. g5 h6 17. Nxh4 Qxg5 18. Nf3 Qxh5 19. Qe3 0-0 20. 0-0-0 f6 21. Be2 Qh3 22. Rg1 fxe5 23. dxe5 Ne7 24. Kb1 Rf7 25. Nd1 a5 26. bxa5 Rxa5 27. Qb6 Ra8 28. Qxb7 Bc6 29. Qb3 Ba4 30. Qe3 Raf8 31. Nd4 Qxe3 32. Nxe3 Rb8 33. f3 Rb6 34. Kc1 g5 35. Bc3 Ng6 36. Ng4 Rfb7 37. Kd2 Kg7 38. Rh1 Nh4 39. f4 Be8 40. Nf6 Bf7 41. fxg5 hxg5 42. Rg1 Kh6 43. a4 Nf5 44. a5 Nxd4 45. Bxd4 Rb4 46. Bc3 Ra4 47. Ra1 Rh4 48. a6 Ra7 49. Ng4+ Kg7 50. Bd4 Ra8 51. a7 Bh5 52. Rg1 Rh3 53. Nf2 Rh4 54. Rxg5+ Bg6 55. Rg4 Rxg4 56. Bxg4 Kf7 57. Be2 Ke7 58. Ba6 1-0

[Event "Podkarpackie-ch"]
[Site "Pstragowa"]
[Date "2015.01.06"]
[Round "9"]
[White "Kozak, Antoni"]
[Black "Pulik, Krzysztof"]
[Result "0-1"]
[WhiteElo "1440"]
[BlackElo "2117"]
[PlyCount "94"]
[EventDate "2015.01.03"]
[EventType "swiss"]
[EventRounds "9"]
[EventCountry "POL"]
[SourceTitle "EXT 2019"]
[Source "ChessBase"]
[SourceDate "2018.10.10"]
[SourceVersion "1"]
[SourceVersionDate "2018.10.10"]
[SourceQuality "1"]

1. Nf3 d5 2. c4 e6 3. g3 c5 4. cxd5 exd5 5. d4 Nc6 6. Bg2 Nf6 7. Nc3 Be7 8. Bg5 c4 9. 0-0 0-0 10. Ne5 Be6 11. f4 h6 12. Bxf6 Bxf6 13. f5 Bxe5 14. dxe5 Qb6+ 15. Kh1 Qxb2 16. fxe6 fxe6 17. Nxd5 Rfd8 18. Qa4 exd5 19. e4 Nxe5 20. Rab1 Qd4 21. exd5 Nd3 22. h3 Rab8 23. Kh2 a6 24. Rf3 Rd6 25. Qa3 Qe5 26. Rf5 Qxf5 27. Qxd6 Qe5 28. Qd7 Nc5 29. Qg4 b5 30. Rd1 Rd8 31. d6 Rxd6 32. Qc8+ Kf7 33. Rxd6 Qxd6 34. Qf5+ Ke7 35. Bd5 Ne6 36. Bxe6 Qxe6 37. Qc5+ Kf7 38. Qf2+ Kg8 39. Qd2 Qc6 40. Qd8+ Kh7 41. h4 c3 42. Qd3+ Kg8 43. Qc2 b4 44. Kh3 a5 45. Kg4 Qd5 46. Qe2 Qd7+ 47. Kf3 Qc6+ 0-1

[Event "Podkarpackie-ch"]
[Site "Pstragowa"]
[Date "2015.01.04"]
[Round "5"]
[White "Pulik, Krzysztof"]
[Black "Nowakowski, Jacek"]
[Result "1-0"]
[WhiteElo "2117"]
[BlackElo "1677"]
[PlyCount "59"]
[EventDate "2015.01.03"]
[EventType "swiss"]
[EventRounds "9"]
[EventCountry "POL"]
[SourceTitle "EXT 2019"]
[Source "ChessBase"]
[SourceDate "2018.10.10"]
[SourceVersion "1"]
[SourceVersionDate "2018.10.10"]
[SourceQuality "1"]

1. e4 c5 2. c3 d6 3. d4 cxd4 4. cxd4 e6 5. Nc3 Nc6 6. Nf3 Nf6 7. Bd3 Qb6 8. 0-0 Be7 9. e5 Nd7 10. exd6 Bxd6 11. d5 Nd8 12. Ng5 Nf6 13. Bb5+ Ke7 14. Re1 a6 15. Ba4 Qb4 16. Nge4 Nxe4 17. Rxe4 Qa5 18. b4 Qc7 19. Bb2 e5 20. Qh5 f5 21. Re3 g6 22. Qe2 Nf7 23. f4 Kf6 24. Re1 b5 25. Nxb5 axb5 26. fxe5+ Bxe5 27. Rxe5 Qb6+ 28. Kh1 Nxe5 29. Qxe5+ Kf7 30. Qg7# 1-0

[Event "Golden Rook op 56th"]
[Site "Chotowa"]
[Date "2014.06.12"]
[Round "8"]
[White "Pulik, Krzysztof"]
[Black "Lewtak, Damian"]
[Result "0-1"]
[WhiteElo "2116"]
[BlackElo "2320"]
[PlyCount "84"]
[EventDate "2014.06.08"]
[EventType "team-swiss"]
[EventRounds "9"]
[EventCountry "POL"]
[SourceTitle "EXT 2015"]
[Source "ChessBase"]
[SourceDate "2014.11.20"]
[SourceVersion "1"]
[SourceVersionDate "2014.11.20"]
[SourceQuality "1"]

1. e4 e6 2. d4 d5 3. Nd2 dxe4 4. Nxe4 Nd7 5. Nf3 Ngf6 6. Nxf6+ Nxf6 7. Bd3 c5 8. dxc5 Bxc5 9. 0-0 0-0 10. Bg5 b6 11. Qe2 Bb7 12. Rad1 Qc7 13. Ne5 Rfd8 14. Rfe1 Rd5 15. Bh4 Bd4 16. Bg3 Rad8 17. c3 Bc5 18. b4 Bf8 19. c4 Rd4 20. Nf3 Bxf3 21. Qxf3 Qd7 22. Bc2 Qe7 23. Rxd4 Rxd4 24. Be5 Rxc4 25. Bb3 Qxb4 26. Rd1 Rc5 27. Bxf6 gxf6 28. Qxf6 Rf5 29. Qd8 Kg7 30. Qd4+ Qxd4 31. Rxd4 Bc5 32. Rd2 a5 33. Kf1 b5 34. f3 h5 35. Ke2 Bg1 36. h3 a4 37. Bd1 Bc5 38. Rb2 Re5+ 39. Kf1 Bd4 40. Rb1 Bc3 41. Be2 b4 42. g4 b3 0-1

[Event "Golden Rook op 56th"]
[Site "Chotowa"]
[Date "2014.06.11"]
[Round "5"]
[White "Mis, Mieszko"]
[Black "Pulik, Krzysztof"]
[Result "1/2-1/2"]
[WhiteElo "1625"]
[BlackElo "2116"]
[PlyCount "114"]
[EventDate "2014.06.08"]
[EventType "team-swiss"]
[EventRounds "9"]
[EventCountry "POL"]
[SourceTitle "EXT 2015"]
[Source "ChessBase"]
[SourceDate "2014.11.20"]
[SourceVersion "1"]
[SourceVersionDate "2014.11.20"]
[SourceQuality "1"]

1. e4 e6 2. d4 d5 3. Nc3 Bb4 4. e5 c5 5. a3 Bxc3+ 6. bxc3 Ne7 7. Nf3 Nbc6 8. Be2 Qa5 9. Qd2 0-0 10. 0-0 f6 11. exf6 Rxf6 12. Bb2 c4 13. Ne5 Nxe5 14. dxe5 Rf7 15. f4 Bd7 16. Kh1 Ba4 17. Rf3 Raf8 18. Raf1 Nf5 19. Rh3 Qc5 20. Bd1 Bc6 21. Qf2 Qxf2 22. Rxf2 g6 23. Kg1 Kg7 24. Kf1 b5 25. Ke1 a5 26. Bf3 Rb7 27. Kd2 Rfb8 28. g4 Ne7 29. Rg3 Bd7 30. Rg1 Rf8 31. Be2 Nc6 32. h4 Nxe5 33. Ke3 Nc6 34. Bf3 Bc8 35. h5 Rbf7 36. Be2 g5 37. Rgf1 gxf4+ 38. Rxf4 e5 39. Rxf7+ Rxf7 40. h6+ Kg6 41. Rxf7 Kxf7 42. Kf3 Kg6 43. Bc1 Be6 44. Kg3 d4 45. Bf3 Ne7 46. cxd4 exd4 47. Be4+ Kf7 48. Bxh7 Ng6 49. Bxg6+ Kxg6 50. Kf4 b4 51. axb4 axb4 52. Ke4 b3 53. cxb3 cxb3 54. g5 Bg8 55. Kxd4 b2 56. Bxb2 Kxg5 57. Bc1+ Kg6 1/2-1/2

[Event "Osroda Elo"]
[Site "Osroda"]
[Date "2009.08.08"]
[Round "3"]
[White "Kuzmicz, Krystian"]
[Black "Pulik, Krzysztof"]
[Result "1-0"]
[WhiteElo "2408"]
[BlackElo "2207"]
[PlyCount "57"]
[EventDate "2009.08.07"]
[EventType "tourn"]
[EventRounds "9"]
[EventCountry "POL"]
[SourceTitle "CBM 131 Extra"]
[Source "ChessBase"]
[SourceDate "2009.09.03"]
[SourceVersion "2"]
[SourceVersionDate "2009.09.16"]
[SourceQuality "1"]

1. g3 d5 2. Bg2 Nf6 3. c4 c6 4. Qc2 e6 5. Nf3 Bd6 6. d4 Nbd7 7. 0-0 0-0 8. Nc3 Re8 9. Rd1 Qe7 10. b3 dxc4 11. bxc4 e5 12. e3 Rb8 13. Rb1 exd4 14. exd4 Qd8 15. d5 cxd5 16. Nb5 Bc5 17. Bf4 Ng4 18. Rd2 a6 19. Bxb8 axb5 20. Bf4 bxc4 21. Ng5 Qf6 22. Qxh7+ Kf8 23. Qh5 Qg6 24. Qxg6 fxg6 25. Bxd5 Ndf6 26. Bxc4 b6 27. Bf7 Ne4 28. Nxe4 Rxe4 29. Bxg6 1-0

[Event "Osroda Elo"]
[Site "Osroda"]
[Date "2009.08.07"]
[Round "1"]
[White "Pulik, Krzysztof"]
[Black "Jadanowski, Lukasz"]
[Result "1/2-1/2"]
[WhiteElo "2207"]
[BlackElo "2132"]
[PlyCount "120"]
[EventDate "2009.08.07"]
[EventType "tourn"]
[EventRounds "9"]
[EventCountry "POL"]
[SourceTitle "CBM 131 Extra"]
[Source "ChessBase"]
[SourceDate "2009.09.03"]
[SourceVersion "2"]
[SourceVersionDate "2009.09.16"]
[SourceQuality "1"]

1. e4 Nf6 2. Nc3 d5 3. e5 Nfd7 4. Nxd5 Nxe5 5. Ne3 c5 6. f4 Ng6 7. f5 Ne5 8. Nf3 Nbc6 9. Be2 g6 10. Bb5 Bd7 11. 0-0 Bg7 12. Qe2 Nxf3+ 13. Qxf3 Nd4 14. Bxd7+ Qxd7 15. Qe4 Nxf5 16. Nxf5 gxf5 17. Rxf5 Qd4+ 18. Qxd4 cxd4 19. c4 d3 20. Rb1 0-0 21. b3 e6 22. Rg5 f6 23. Rg3 Rad8 24. Bb2 Rd7 25. Rf1 e5 26. Rff3 Kh8 27. Rxd3 Rfd8 28. Rxd7 Rxd7 29. Bc3 Bh6 30. d3 Bf4 31. Rf3 Kg7 32. g3 Bc1 33. Kf2 Kg6 34. Ke2 Bh6 35. h3 Rd8 36. Be1 a6 37. Rf1 Kf7 38. Bf2 Ke6 39. Rd1 f5 40. b4 Bf8 41. Rb1 b5 42. c5 Kd5 43. a4 bxa4 44. Ra1 Kc6 45. Rxa4 Kb5 46. Ra5+ Kxb4 47. Be1+ Kb3 48. c6 Bb4 49. Bxb4 Kxb4 50. Rxa6 Rc8 51. Ra7 Rxc6 52. Rxh7 Kc3 53. Rf7 Rg6 54. Kf3 Kxd3 55. Rxf5 e4+ 56. Kf4 e3 57. Rd5+ Ke2 58. Re5 Rf6+ 59. Kg4 Rg6+ 60. Kf4 Rf6+ 1/2-1/2

[Event "Rzeszow-chA"]
[Site "Rzeszow"]
[Date "2008.11.08"]
[Round "1.2"]
[White "Pulik, Krzysztof"]
[Black "Reichel, Lukasz"]
[Result "1-0"]
[WhiteElo "2203"]
[BlackElo "1861"]
[PlyCount "77"]
[EventDate "2008.11.07"]
[EventType "tourn"]
[EventRounds "9"]
[EventCountry "POL"]
[SourceTitle "EXT 2023"]
[Source "ChessBase"]
[SourceDate "2022.10.05"]
[SourceVersion "1"]
[SourceVersionDate "2022.10.05"]
[SourceQuality "1"]

1. e4 c5 2. c3 Nf6 3. e5 Nd5 4. Bc4 Nb6 5. Bb3 d5 6. Ne2 Bf5 7. 0-0 e6 8. d4 c4 9. Bc2 Bxc2 10. Qxc2 Nc6 11. Nd2 Be7 12. f4 g6 13. Nf3 h5 14. Be3 Qc7 15. g3 0-0-0 16. h3 Rdg8 17. Kf2 Kb8 18. Rg1 Qd8 19. Raf1 Nc8 20. Ke1 Qa5 21. b4 Qc7 22. g4 hxg4 23. hxg4 b5 24. Bd2 Bd8 25. f5 gxf5 26. gxf5 Qd7 27. f6 Qe8 28. Rxg8 Rxg8 29. Bh6 Bc7 30. Nf4 Nd8 31. Qf2 Nb6 32. Kd1 Na4 33. Kc2 Kb7 34. a3 Nb6 35. Rg1 Rxg1 36. Qxg1 Nd7 37. Qg7 Kc6 38. Ng5 Nb6 39. Qh7 1-0